Le Monde par lettre - E - Statistiques

Statistiques générales
  • Ce quiz a été pris 467 fois
  • Le résultat moyen est 12 sur 15
Statistiques - réponses
Indices Réponses % Correct
Prénom féminin le plus populaire au monde Emma
96%
Continent commençant par E Europe
96%
L'une des quatre nations du Royaume-Uni Écosse
94%
Prénom de l'actuel Président français Emmanuel
93%
Deuxième pays le plus peuplé d'Afrique Éthiopie
92%
Considéré comme l'un des plus grands cerveaux de tous les temps, son prénom était Albert et il était allemand Einstein
89%
Ancien virus mondial s'étant surtout propagé en Afrique, mais également aux États-Unis, au Royaume-Uni et en Chine (Il en reste encore quelques traces) Ebola
87%
Deuxième plus grande ville et capitale de cette nation Édimbourg
85%
Troisième pays le plus peuplé d'Afrique Égypte
81%
Tour célèbre en France Eiffel
80%
Sa capitale est la seule au monde commençant par Q Équateur
77%
Nouveau nom du Swaziland Eswatini
73%
Plus gros pays commençant par E États-Unis
73%
Capitale de l'Arménie Erevan
70%
Capitale de l'Alberta Edmonton
34%
Aucun quiz correspondant
Distribution des résultats
% des personnes avec chaque résultat
Percentile par nombre de réponses
Votre historique - résultats
Vous n’avez pas pris ce quiz